LEADER 00870nam0-22003131--450- 001 990009128790403321 005 20091217110914.0 010 $a3525357346 035 $a000912879 035 $aFED01000912879 035 $a(Aleph)000912879FED01 035 $a000912879 100 $a20091217d1986----km-y0itay50------ba 101 0 $ager 102 $aDE 105 $ay-------001yy 200 1 $aMax Weber, der Historiker$fherausgegeben von Jurgen Kocka 210 $aGottingen$cVandenhoeck & Ruprecht$d1986 215 $a281 p.$d23 cm 225 1 $aKritische Studien zur Geschichtswissenschaft$v73 676 $a907.2024 700 1$aKocka,$bJürgen$0375269 801 0$aIT$bUNINA$gRICA$2UNIMARC 901 $aBK 912 $a990009128790403321 952 $aSDI-KS 416$b315$fSDI 959 $aSDI 996 $aMax Weber, der Historiker$9783732 997 $aUNINA LEADER 02521nam 2200577 450 001 9910480641803321 005 20180731044434.0 010 $a1-4833-3915-7 010 $a1-4833-3919-X 035 $a(CKB)3710000000456715 035 $a(EBL)1643498 035 $a(OCoLC)898896031 035 $a(SSID)ssj0001530142 035 $a(PQKBManifestationID)12628803 035 $a(PQKBTitleCode)TC0001530142 035 $a(PQKBWorkID)11523726 035 $a(PQKB)11175508 035 $a(MiAaPQ)EBC1994408 035 $a(EXLCZ)993710000000456715 100 $a20150817h20142014 uy 0 101 0 $aeng 135 $aur|n|---||||| 181 $ctxt 182 $cc 183 $acr 200 10$a10 critical components for success in the special education classroom /$fMarcia Rohrer, Nannette Samson ; indexer, Sheila Bodell ; cover designer, Janet Kiesel 210 1$aThousand Oaks, California :$cCorwin,$d2014. 210 4$d©2014 215 $a1 online resource (233 p.) 300 $aDescription based upon print version of record. 311 $a1-4833-3916-5 320 $aIncludes bibliographical references and index. 327 $a""C""; ""COPYRIGHT PAGE""; ""CONTENTS""; ""PREFACE""; ""ACKNOWLEDGMENTS""; ""ABOUT THE AUTHORS""; ""INTRODUCTION""; ""COMPONENT 1 - PHYSICAL ARRANGEMENT OF THE CLASSROOM""; ""COMPONENT 2 - ORGANIZATION OF MATERIALS""; ""COMPONENT 3 - SCHEDULES""; ""COMPONENT 4 - VISUAL STRATEGIES""; ""COMPONENT 5 - BEHAVIORAL STRATEGIES""; ""COMPONENT 6 - GOALS, OBJECTIVES, AND LESSON PLANS""; ""COMPONENT 7 - INSTRUCTIONAL STRATEGIES""; ""COMPONENT 8 - COMMUNICATION SYSTEMS AND STRATEGIES""; ""COMPONENT 9 - COMMUNICATION WITH PARENTS""; ""COMPONENT 10 - RELATED SERVICES AND OTHER SCHOOL STAFF"" 327 $a""PUTTING IT ALL TOGETHER""""RESOURCES""; ""GLOSSARY AND ACRONYM GUIDE""; ""FORMS""; ""INDEX"" 606 $aSpecial education teachers$xTraining of 606 $aSpecial education teachers$xIn-service training 608 $aElectronic books. 615 0$aSpecial education teachers$xTraining of. 615 0$aSpecial education teachers$xIn-service training. 676 $a371.9 700 $aRohrer$b Marcia$0962482 702 $aSamson$b Nannette 702 $aBodell$b Sheila 702 $aKiesel$b Janet 801 0$bMiAaPQ 801 1$bMiAaPQ 801 2$bMiAaPQ 906 $aBOOK 912 $a9910480641803321 996 $a10 critical components for success in the special education classroom$92182586 997 $aUNINA